Руководство к решению задач по теории вероятностей и математической статистике: учебное пособие для прикладного бакалавриата

التفاصيل البيبلوغرافية
المؤلف الرئيسي: Гмурман В. Е. Владимир Ефимович
الملخص:В пособии приведены необходимые теоретические сведения и формулы, даны решения типовых задач, помещены задачи для самостоятельного решения, сопровождающиеся ответами и указаниями. Большое внимание уделено методам статистической обработки экспериментальных данных.Соответствует Федеральному государственному образова­тельному стандарту высшего профессионального образования третьего поколения.Для студентов вузов; может быть также полезно лицам, применяющим вероятностные статистические методы при решении практических задач.
اللغة:الروسية
منشور في: Москва, Юрайт, 2015
الطبعة:11-е изд., перераб. и доп.
سلاسل:Бакалавр. Прикладной курс
الموضوعات:
التنسيق: MixedMaterials كتاب
KOHA link:https://koha.lib.tpu.ru/cgi-bin/koha/opac-detail.pl?biblionumber=291494

MARC

LEADER 00000nam0a2200000 4500
001 291494
005 20231102000408.0
010 |a 9785991636254 
035 |a (RuTPU)RU\TPU\book\316063 
090 |a 291494 
100 |a 20150414d2015 m y0rusy50 ca 
101 0 |a rus 
102 |a RU 
105 |a y j 000zy 
200 1 |a Руководство к решению задач по теории вероятностей и математической статистике  |e учебное пособие для прикладного бакалавриата  |f В. Е. Гмурман 
205 |a 11-е изд., перераб. и доп. 
210 |a Москва  |c Юрайт  |d 2015 
215 |a 404 с. 
225 1 |a Бакалавр. Прикладной курс 
330 |a В пособии приведены необходимые теоретические сведения и формулы, даны решения типовых задач, помещены задачи для самостоятельного решения, сопровождающиеся ответами и указаниями. Большое внимание уделено методам статистической обработки экспериментальных данных.Соответствует Федеральному государственному образова­тельному стандарту высшего профессионального образования третьего поколения.Для студентов вузов; может быть также полезно лицам, применяющим вероятностные статистические методы при решении практических задач. 
606 1 |a Вероятностей теория и математическая статистика  |2 stltpush  |3 (RuTPU)RU\TPU\subj\2260  |9 30847 
610 1 |a математика 
610 1 |a случайные события 
610 1 |a случайные величины 
610 1 |a случайные функции 
610 1 |a моделирование 
610 1 |a дискретные случайные величины 
610 1 |a закон больших чисел 
610 1 |a случайные аргументы 
610 1 |a выборочный метод 
610 1 |a параметры распределения 
610 1 |a теория вероятностей 
610 1 |a статистические гипотезы 
610 1 |a однофакторный дисперсный анализ 
610 1 |a метод Монте-Карло 
610 1 |a задачи 
610 1 |a решения 
610 1 |a учебные пособия 
675 |a 519.2(076)  |v 4 
700 1 |a Гмурман  |b В. Е.  |g Владимир Ефимович 
801 1 |a RU  |b 63413507  |c 20150414 
801 2 |a RU  |b 63413507  |c 20150618  |g RCR 
900 |a Теория вероятностей и математическая статистика 
942 |c BK 
952 |l 8.1 
959 |a 6/20150130  |d 5  |e 439,00  |f ЧЗТЛ:1  |f УФ:4